| 000 | 00443nam a2200181Ia 4500 | ||
|---|---|---|---|
| 003 | GCL | ||
| 008 | 140319s9999 xx 000 0 eng d | ||
| 040 |
_aGCL / _cGCL |
||
| 082 | 0 | 4 |
_a745.4 _bJ T |
| 100 | 1 | _aJERSTARP, KARIN | |
| 245 | 1 | 0 |
_aTHE TEXTILE DESIGN BOOK / _cJERSTARP, KARIN |
| 260 |
_a[S.N] : _bA AND C BLACK LIMITED ، _c1988 |
||
| 300 | _a160 P | ||
| 650 | 0 | 4 | _aTEXTILE |
| 650 | 0 | 4 | _aARTS |
| 650 | 0 | 4 | _aDESIGN |
| 942 |
_2ddc _cBK |
||
| 999 |
_c21361 _d21361 |
||